|
|
|
|
| LEADER |
00883cam a2200253 7i4500 |
| 001 |
0000000343 |
| 005 |
20171109090000.0 |
| 020 |
|
|
|a 007463433X (pbk.)
|
| 090 |
0 |
0 |
|a TA660.S5
|b S54 2000
|
| 100 |
1 |
|
|a Shanmugam, G
|
| 245 |
1 |
0 |
|a Basic civil and mechanical engineering
|c G Shanmugam.
|
| 250 |
|
|
|a 3rd ed.
|
| 260 |
|
|
|a New Delhi:
|b Tata McGraw-Hill Pub. Co. Ltd.,
|c 2000.
|
| 300 |
|
|
|a xvii, 574 p.:
|b ill.;
|c 23 cm.
|
| 500 |
|
|
|a Includes index
|
| 650 |
0 |
0 |
|a Civil engineering
|
| 650 |
0 |
0 |
|a Mechanical engineering
|
| 700 |
0 |
|
|a Palanichamy, M S
|
| 997 |
|
|
|a Engineering & Life Sciences, Faculty
|b Engineering, Department
|
| 998 |
|
|
|a Mechanical Engineering, Degree
|
| 998 |
|
|
|a Mechanical Engineering, Diploma
|
| 998 |
|
|
|a Civil Engineering, Degree
|
| 999 |
|
|
|a 0000007703
|b BOK
|c OPEN SHELF
|e 2nd Floor, Bestari Jaya
|
| 999 |
|
|
|a 0000007704
|b BOK
|c OPEN SHELF
|e 2nd Floor, Bestari Jaya
|